| 000 | 01791nam a2200493 i 4500 | ||
|---|---|---|---|
| 001 | 5761 | ||
| 003 | KOSZ 005 | ||
| 005 | 20220422121612.0 | ||
| 008 | 970629s1993 pl a |001 0 pol | ||
| 015 | _aUWD 1993/6221 | ||
| 020 | _a8320808782 | ||
| 035 | _a991000774569705066 | ||
| 035 | _a(PL-WaBN)b10245741-48omnis_nlop | ||
| 035 | _ab10245741 | ||
| 035 | _a(OCoLC)830055097 | ||
| 035 | _a(PL)b0000001024574 | ||
| 035 | _a(EXLNZ-48OMNIS_NETWORK)9910447278205606 | ||
| 040 |
_aWA N _cWA N _dKOSZ 005/HR |
||
| 041 | 1 |
_apol _heng |
|
| 046 | _k1987 | ||
| 080 | _a330.101.541 | ||
| 080 | _a(075.8) | ||
| 100 | 1 |
_aBegg, David K. H. _eAutor |
|
| 245 | 1 | 0 |
_aEkonomia. _n[T. 2, _pMakroekonomia] / _cDavid Begg [oraz] Stanley Fischer, Rudiger Dornbusch ; red. nauk. Ryszard Rapacki ; tł. [z ang.] Bogusław Czarny [et al.]. |
| 246 | 1 |
_iTyt. oryg.: _aEconomics, _f1987 |
|
| 260 |
_aWarszawa : _bPaństwowe Wydawnictwo Ekonomiczne, _c1993. |
||
| 300 |
_a479, [1] s. : _bwykr. ; _c24 cm. |
||
| 336 |
_aTekst _btxt _2rdacontent |
||
| 337 |
_aBez urządzenia pośredniczącego _bn _2rdamedia |
||
| 338 |
_aWolumin _bnc _2rdacarrier |
||
| 380 | _aKsiążki | ||
| 504 | _aIndeks. | ||
| 650 | 7 |
_aMakroekonomia _2DBN |
|
| 655 | 7 |
_aPodręczniki akademickie _2DBN |
|
| 658 | _aGospodarka, ekonomia, finanse | ||
| 700 | 1 |
_aCzarny, Bogusław _d(1957- ) _eTłumaczenie |
|
| 700 | 1 |
_aDornbusch, Rudiger _d(1942-2002) _eAutor |
|
| 700 | 1 |
_aFischer, Stanley _d(1943- ) _eAutor |
|
| 700 | 1 |
_aRapacki, Ryszard _d(1949- ) _eRedakcja |
|
| 710 | 2 |
_aPolskie Wydawnictwo Ekonomiczne _4pbl |
|
| 856 |
_uhttp://koha.tu.koszalin.pl/cgi-bin/koha/opac-detail.pl?biblionumber=5761 _yKatalog online BPK |
||
| 942 |
_2UKD _cKS |
||
| 999 |
_c5761 _d5761 |
||